000 00574nam a2200229Ia 4500
003 OSt
005 20220924142607.0
006 a|||||r|||| 00| 0
007 ta
008 220923b |||||||| |||| 00| 0 mni d
024 _a302566
037 _cTextual
040 _aARTS
_cARTS
_bmni
041 _2mni
_amni
082 _aR4, 446114K6
100 _aSingh Wahengban Madhab Ram
_9213703
245 0 _aLanglol
260 _c1966
650 _aPHILOSOPHY
942 _hR4, 446114K6
_cTEXL
_2CC
999 _c451256
_d451256